A monte carlo study of estimatiors of stochastic frontier production functions (Registro nro. 26359)

Detalles MARC
000 -LEADER
fixed length control field 00433 a2200133 4500
001 - CONTROL NUMBER
control field ART_12430
005 - DATE AND TIME OF LATEST TRANSACTION
control field 20260410161906.0
008 - FIXED-LENGTH DATA ELEMENTS--GENERAL INFORMATION
fixed length control field 260409a
100 1# - MAIN ENTRY--PERSONAL NAME
Personal name Schmidt, Peter
245 10 - TITLE STATEMENT
Title A monte carlo study of estimatiors of stochastic frontier production functions
700 1# - ADDED ENTRY--PERSONAL NAME
Personal name Olson, Jerome A.
700 1# - ADDED ENTRY--PERSONAL NAME
Personal name Waldman, Donald M.
773 0# - HOST ITEM ENTRY
Title Journal of econometrics
Related parts - Vol. 13, Nº 1 (may. 1980)
Record control number REV11720

No hay ítems disponibles.